000 00694nam a2200169Ia 4500
008 090711s9999 xx 000 0 und d
082 _b75423
100 _aभट विठ्ठलराय
245 _aबहुभाषिक समानार्थी इंद्रधनुषी म्हणी
260 _c1994
300 _a64
600 _aभट विठ्ठलराय
630 _aबहुभाषिक समानार्थी इंद्रधनुषी म्हणी
700 _aभट विठ्ठलराय
730 _aबहुभाषिक समानार्थी इंद्रधनुषी म्हणी
942 _cBOOK
999 _c290243
_d290243